| 000 | 00691nam a2200217 a 4500 | ||
|---|---|---|---|
| 999 |
_c666 _d666 |
||
| 001 | 666 | ||
| 003 | BD-JhCC | ||
| 005 | 20200907134022.0 | ||
| 008 | 171008s19981996bg a|||| ||a| 000 0 mul d | ||
| 035 | _a(BD-JhCC)666 | ||
| 040 |
_aBD-JhCC _dBD-JhCC |
||
| 041 | _amul | ||
| 082 |
_a005.446 _bRAH 1998 |
||
| 100 | _aরহমান, মাহবুব | ||
| 245 |
_aএডভান্স ডিস্ক অপারেটিং সিস্টেম / _cরহমান, মাহবুব |
||
| 260 |
_aঢাকা : _bসিসটেক পাবলিকেশন্স, _c1998 |
||
| 300 |
_a476 p. : _c22 cm. _bills; |
||
| 650 | _aOperating System | ||
| 942 |
_2ddc _cBK _05 |
||